Countries Closest to Chile - Statistics

General Stats
  • This quiz has been taken 23 times
  • The average score is 18 of 20
Answer Stats
Distance (km) Distance (mi) Country % Correct
0 0 Argentina
100%
0 0 Bolivia
100%
0 0 Peru
100%
707 440 Brazil
95%
1,469 913 Colombia
95%
3,185 1,979 Costa Rica
95%
1,720 1,069 Ecuador
95%
2,550 1,584 France / French Polynesia
95%
2.887 1,794 Panama
95%
455 283 Paraguay
95%
2,574 1,600 Suriname
95%
1,048 651 Uruguay
95%
2,371 1,473 Guyana
90%
3,498 2,174 Nicaragua
90%
488 303 United Kingdom / Falkland Islands
90%
2,047 1,272 Venezuela
86%
3,393 2,108 Grenada
76%
3,284 2,041 Netherlands / Curaçao
76%
3,157 1,962 Trinidad & Tobago
71%
3,438 2,136 St. Vincent and the Grenadines
67%
No matching quizzes found
Score Distribution
Percent of People with Each Score
Percentile by Number Answered
Your Score History
You have not taken this quiz